| 000 | 00663nam a2200217 a 4500 | ||
|---|---|---|---|
| 008 | |||
| 020 | _a185715195X (cased) | ||
| 049 | _aMAIN | ||
| 090 |
_aPR5684 _bTRO |
||
| 100 | 1 | _aTrollope, Anthony. | |
| 245 | 1 | 0 |
_aCan you forgive her? / _cAnthony Trollope ; with an introduction by A. O. J. Cockshut. |
| 260 |
_aLondon : _bDavid Campbell, _c1994. |
||
| 300 |
_axxxiii, 447 p. ; _c22 cm. |
||
| 440 |
_aEveryman's Library ; _v195. |
||
| 650 | 1 |
_aEnglish Literature _d19th century. |
|
| 907 |
_a.b10114440 _b12-05-09 _c18-03-04 |
||
| 003 | |||
| 005 | 20230123133641.0 | ||
| 040 | _cNUST | ||
| 942 |
_cBOOKS _kPR5684 _mTRO |
||
| 999 |
_c152258 _d152258 |
||